Bulletproof Wireless Security: GSM, UMTS, 802.11 and Ad Hoc Security / (Record no. 215419)

000 -LEADER
fixed length control field 01507 a2200289 4500
003 - CONTROL NUMBER IDENTIFIER
control field Nust
005 - DATE AND TIME OF LATEST TRANSACTION
control field 20230927145751.0
010 ## - LIBRARY OF CONGRESS CONTROL NUMBER
LC control number 2005280743
020 ## - INTERNATIONAL STANDARD BOOK NUMBER
International Standard Book Number 0750677465 (pbk.)
035 ## - SYSTEM CONTROL NUMBER
System control number (OCoLC)ocm61190656
040 ## - CATALOGING SOURCE
Transcribing agency Nust
082 00 - DEWEY DECIMAL CLASSIFICATION NUMBER
Classification number 005.8,CHA
100 1# - MAIN ENTRY--PERSONAL NAME
Personal name Chandra, Praphul.
9 (RLIN) 95056
245 10 - TITLE STATEMENT
Title Bulletproof Wireless Security: GSM, UMTS, 802.11 and Ad Hoc Security /
Statement of responsibility, etc. Praphul Chandra.
260 ## - PUBLICATION, DISTRIBUTION, ETC.
Place of publication, distribution, etc. Amsterdam ;
-- Boston :
Name of publisher, distributor, etc. Newnes,
Date of publication, distribution, etc. 2005.
300 ## - PHYSICAL DESCRIPTION
Extent xxxiii, 237 p. :
Other physical details ill. ;
Dimensions 24 cm.
440 #0 - SERIES STATEMENT/ADDED ENTRY--TITLE
Title Communications engineering series
9 (RLIN) 95057
505 ## - FORMATTED CONTENTS NOTE
Formatted contents note Security and cryptography (Page-1), Network security protocol (Page-29), Security and layered architecture (Page67), Voice-oriented wireless networks (Page-85), Data-oriented wireless networks (Page-109), Security in traditional wireless networks (Page-129), Security in wireless local area networks (Page-159), Security in wireless Adhoc networks (Page-199).
650 #0 - SUBJECT ADDED ENTRY--TOPICAL TERM
Topical term or geographic name entry element Global system for mobile communications
General subdivision Security measures.
9 (RLIN) 95058
650 #0 - SUBJECT ADDED ENTRY--TOPICAL TERM
Topical term or geographic name entry element IEEE 802.11 (Standard)
9 (RLIN) 95059
650 #0 - SUBJECT ADDED ENTRY--TOPICAL TERM
Topical term or geographic name entry element Universal Mobile Telecommunications System
General subdivision Security measures.
9 (RLIN) 95060
650 #0 - SUBJECT ADDED ENTRY--TOPICAL TERM
Topical term or geographic name entry element Wireless communication systems
General subdivision Security measures.
9 (RLIN) 95061
650 #0 - SUBJECT ADDED ENTRY--TOPICAL TERM
Topical term or geographic name entry element Wireless LANs
General subdivision Security measures.
9 (RLIN) 95062
856 42 - ELECTRONIC LOCATION AND ACCESS
Materials specified Publisher description
Uniform Resource Identifier <a href="http://www.loc.gov/catdir/enhancements/fy0626/2005280743-d.html">http://www.loc.gov/catdir/enhancements/fy0626/2005280743-d.html</a>
856 42 - ELECTRONIC LOCATION AND ACCESS
Materials specified Table of contents only
Uniform Resource Identifier <a href="http://www.loc.gov/catdir/enhancements/fy0626/2005280743-t.html">http://www.loc.gov/catdir/enhancements/fy0626/2005280743-t.html</a>
942 ## - ADDED ENTRY ELEMENTS (KOHA)
Source of classification or shelving scheme
Koha item type Book
Holdings
Withdrawn status Lost status Source of classification or shelving scheme Damaged status Not for loan Permanent Location Current Location Shelving location Date acquired Total Checkouts Full call number Barcode Date last seen Date last checked out Price effective from Koha item type Public note Total Renewals
          Military College of Signals (MCS) Military College of Signals (MCS) General Stacks 12/12/2016 1 005.8,CHA MCS37200 02/24/2026 08/23/2022 12/12/2016 Book Almirah No.8, Shelf No.6  
          Military College of Signals (MCS) Military College of Signals (MCS) Reference 12/12/2016 7 005.8,CHA MCS37201 12/29/2025 11/25/2025 12/12/2016 Reference Almirah No.18, Shelf No.2 2
© 2023 Central Library, National University of Sciences and Technology. All Rights Reserved.